000 00294nam a22001337a 4500
008 190305b xxu||||| |||| 00| 0 eng d
020 _a9780323029513
041 _aeng
080 _25th
_a618
100 _a10
101 _aGJIN
245 _aComprehensive Gynecology
_cKatz
942 _2udc
_cBK
999 _c54560
_d54560